Sepulcro / (Registro nro. 10712)

Detalles MARC
000 -LEADER
fixed length control field 01037cam a2200373 i 4500
001 - CONTROL NUMBER
control field 0000487
003 - CONTROL NUMBER IDENTIFIER
control field DO-SdBNP
005 - DATE AND TIME OF LATEST TRANSACTION
control field 20180314105959.0
007 - PHYSICAL DESCRIPTION FIXED FIELD--GENERAL INFORMATION
fixed length control field 0000487
008 - FIXED-LENGTH DATA ELEMENTS--GENERAL INFORMATION
fixed length control field 100514s 2010 sp 000 f spa
015 ## - NATIONAL BIBLIOGRAPHY NUMBER
National bibliography number
017 ## - COPYRIGHT OR LEGAL DEPOSIT NUMBER
Copyright or legal deposit number
Assigning agency
020 ## - INTERNATIONAL STANDARD BOOK NUMBER
International Standard Book Number 9788466323840
035 ## - SYSTEM CONTROL NUMBER
System control number
040 ## - CATALOGING SOURCE
Original cataloging agency BPMSU
Language of cataloging spa
Transcribing agency BPMSU
Description conventions
041 ## - LANGUAGE CODE
Language code of text/sound track or separate title spa
Language code of original eng
080 ## - UNIVERSAL DECIMAL CLASSIFICATION NUMBER
Universal Decimal Classification number
082 #4 - DEWEY DECIMAL CLASSIFICATION NUMBER
Classification number 813.6
Item number M913s
100 1# - MAIN ENTRY--PERSONAL NAME
Personal name Mosse, Kate
240 10 - UNIFORM TITLE
Uniform title <a href="Sepulcre.">Sepulcre.</a>
Language of a work Español
245 10 - TITLE STATEMENT
Title Sepulcro /
Statement of responsibility, etc. Kate Mosse ; traducción Miguel Martínez Lage
Medium
260 ## - PUBLICATION, DISTRIBUTION, ETC. (IMPRINT)
Place of publication, distribution, etc. Madrid:
Name of publisher, distributor, etc. Santillana ediciones generales,
Date of publication, distribution, etc. 2010.
300 ## - PHYSICAL DESCRIPTION
Extent 777 p. ;
Dimensions 19 cm.
490 1# - SERIES STATEMENT
Series statement Punto de lectura
Volume/sequential designation 377 / 1
500 ## - GENERAL NOTE
General note Incluye datos biográficos del autor : p. 6
650 #4 - SUBJECT ADDED ENTRY--TOPICAL TERM
Topical term or geographic name as entry element NOVELA INGLESA
650 #4 - SUBJECT ADDED ENTRY--TOPICAL TERM
Topical term or geographic name as entry element LITERATURA INGLESA
700 12 - ADDED ENTRY--PERSONAL NAME
Personal name Martínez Lage, Miguel,
Relator term trad.
830 #0 - SERIES ADDED ENTRY--UNIFORM TITLE
Uniform title Punto de lectura
Number of part/section of a work 377 / 1
910 ## - USER-OPTION DATA (OCLC)
User-option data Validado. Control de calidad MFF
942 ## - ADDED ENTRY ELEMENTS (KOHA)
Source of classification or shelving scheme Dewey Decimal Classification
Koha item type Libros
945 ## - LOCAL PROCESSING INFORMATION (OCLC)
a Inventariado, 2017/MFF
956 ## - LOCAL ELECTRONIC LOCATION AND ACCESS (OCLC)
Host name YLOCKWARD
Field link and sequence number 10
Compression information BPMSU
Existencias
Withdrawn status Lost status Source of classification or shelving scheme Damaged status Not for loan Collection code Home library Current library Date acquired Source of acquisition Total Checkouts Full call number Barcode Date last seen Price effective from Koha item type Copy number
    Dewey Decimal Classification     Colección Juvenil General Biblioteca Pública Metropolitana Salomé Ureña Biblioteca Pública Metropolitana Salomé Ureña 07/06/2016 Alfaguara   813.6 M913s BPMSU16070129 07/06/2016 07/06/2016 Libros  
    Dewey Decimal Classification     Colección Juvenil General Biblioteca Pública Metropolitana Salomé Ureña Biblioteca Pública Metropolitana Salomé Ureña 07/06/2016 Alfaguara   813.6 M913s BPMSU16070131 07/06/2016 07/06/2016 Libros ej. 2
    Dewey Decimal Classification     Colección General Biblioteca Pública Metropolitana Salomé Ureña Biblioteca Pública Metropolitana Salomé Ureña 07/13/2016 Alfaguara   813.6 M913s BPMSU16070429 07/13/2016 07/13/2016 Libros ej. 3